1309 1700 1565 1482 1485 1027 1149 1463 1301 1314 1435 1448 1674 1764 1753 1232 1470 1629 1148 1675 1779 1625 1750 1895 1688 1478 1768 1460 1830 1398 1746 1643 1563 1250 1382 1345 1628 1088 1058 1427 1193 1870 1833 1402 1553 1243 1431 1515 1158 1707 1691 1701 1022 1696 1774 1827 1028 1928 1026 1524 1130 1879 1654 1557 1158 1353 1315 1167 1844 1419 1986 1584 1943 1876 1842 1548 1167 1534 1820 1634 1354 1828 1040 1007 1858 1502 1672 1858 1597 1583 1133 1410 1558 1121 1033 1357 1741 1056 1179 BCNSPRNW ULIB Ver.6.0+V

เปลี่ยนเป็นภาษาไทย

Change to English
 แสดงรายละเอียดบรรณานุกรม
  กลับหน้าหลัก

Brief Record : Get Marc (ISO 2709) : E-mail record : QR code < ปิดหน้าต่าง
LEADER : 00000nam 2200000uu 4500
001    13399129191
003     ULIB
008    260423s2567||||th 000 0 tha d
020    ^a9786169321330
060  4 ^aWY150^bภ927น
100 0  ^aภัทรารัตน์ ตันนุกิจ, สุวดี สุขีนิตย์, จิราพร เชาว์โพธิ์ทอง,^eบรรณาธิการ.
245 0   ^aแนวทางการพยาบาลผู้ป่วยได้รับสารน้ำทางหลอดเลือดดำ^c/ กองบรรณาธิการ, ภัทรารัตน์ ตันนุกิจ, สุวดี สุขีนิตย์, จิราพร เชาว์โพธิ์ทอง.
260    ^aaกรุงเทพฯ :^bสมาคมเครือข่ายพยาบาลผู้ให้สารน้ำทางหลอดเลือดดำ,^c2567.
300    ^aa148 หน้า :^bภาพประกอบ.
505 0  ^aมาตรฐานของแนวทางการพยาบาลผู้ป่วยได้รับสารน้ำทางหลอดเลือดดำ -- การให้ความรู้แก่ผู้ป่วย/ญาติ/ผู้ดูแลผู้ป่วยที่ได้รับสารน้ำ/ยา/เลือดและส่วนประกอบของเลือด -- การบันทึกทางการพยาบาล -- การเลือกตำแหน่งในการให้สารน้ำ/ยา/เลือดและส่วนประกอบของเลือดและการแทงสายสวนหลอดเลือดดำ -- การดูแลบริเวณตำแหน่งที่ให้สารน้ำ/ยา/เลือดและส่วนประกอบของเลือด -- การจัดการอุปกรณ์ที่เกี่ยวข้องกับการให้สารน้ำทางหลอดเลือดดำ -- การล้างและหล่อสายสวนหลอดเลือดดำ -- การป้องกันและควบคุมการติดเชื้อจากการให้สารน้ำ/ยา/เลือดและส่วนประกอบของเลือด -- ภาวะแทรกซ้อนจากการให้สารน้ำทางหลอดเลือดดำ -- การบริหารยาหลายรายการพร้อมกันทางหลอดเลือดดำ -- การให้เลือดและส่วนประกอบของเลือด -- การให้สารอาหารทางหลอดเลือดดำ -- การจัดการกรณีผู้ป่วยหาเส้นเลือดยาก -- การพยาบาลผู้ป่วยใส่สายสวนหลอดเลือดดำส่วนกลาง.
650  4 ^aการให้สารละลายทางหลอดเลือดดำ^xการพยาบาล
700 0  ^aจิราพร เชาว์โพธิ์ทอง
700 0  ^aภัทรารัตน์ ตันนุกิจ
700 0  ^aสุวดี สุขีนิตย์
710 2  ^aสมาคมเครือข่ายพยาบาลผู้ให้สารน้ำทางหลอดเลือดดำ
945    ^a^p600^l0^i011447
999    ^aกัณชพร
รายการนี้ยังไม่มีแท็ก
คุณยังไม่ได้ล็อกอิน คุณสามารถมีกิจกรรมร่วมกับเว็บไซต์ได้ แต่ต้องล็อกอินก่อน ::
  ล็อกอิน

รายการสื่อสารสนเทศ

ลำดับที่ ประเภท เลขเรียก/บาร์โค้ด สถานที่ สถานะ
1. วิทยาศาสตร์การแพทย์ และสุขภาพ
วิทยาศาสตร์การแพทย์ และสุขภาพ
WY150 ภ927น ฉ.1 
  Barcode: 30606
ห้องสมุดวิทยาเขตสวรรค์ประชารักษ์
►หนังสือทั่วไป
บนชั้น
2. วิทยาศาสตร์การแพทย์ และสุขภาพ
วิทยาศาสตร์การแพทย์ และสุขภาพ
WY150 ภ927น ฉ.2 
  Barcode: 30607
ห้องสมุดวิทยาเขตสวรรค์ประชารักษ์
►หนังสือทั่วไป
บนชั้น
3. วิทยาศาสตร์การแพทย์ และสุขภาพ
วิทยาศาสตร์การแพทย์ และสุขภาพ
WY150 ภ927น ฉ.3 
  Barcode: 30608
ห้องสมุดวิทยาเขตสวรรค์ประชารักษ์
►หนังสือทั่วไป
บนชั้น
4. วิทยาศาสตร์การแพทย์ และสุขภาพ
วิทยาศาสตร์การแพทย์ และสุขภาพ
WY150 ภ927น ฉ.4 
  Barcode: 30609
ห้องสมุดวิทยาเขตสวรรค์ประชารักษ์
►หนังสือทั่วไป
บนชั้น

BibComment


ยังไม่เคยถูกคอมเมนท์

คอมเมนท์ทรัพยากรรายการนี้
  คอมเมนท์: แนวทางการพยาบาล..


 Copyright 2026. Bcnsprnw @Library